Statistics for World Capitals Closest to Amsterdam - 15 Second Sprint

Click here to take the quiz!

General Stats

  • This quiz has been taken 19 times
  • The average score is 5 of 20

Answer Stats

kmcapitalmiles% Correct
173Brussels107
88%
358London223
82%
430Paris267
76%
578Berlin359
65%
622Copenhagen386
53%
756Dublin470
35%
319Luxembourg198
29%
631Bern392
24%
914Oslo568
24%
1091San Marino678
12%
1125Stockholm699
12%
670Vaduz416
12%
1126Andorra la Vella699
6%
979Monaco608
6%
713Prague443
6%
936Vienna582
6%
987Bratislava613
0%
989Ljubljana615
0%
1098Warsaw682
0%
1086Zagreb675
0%

Score Distribution

Percentile by Number Answered

Percent of People with Each Score

Your Score History

You have not taken this quiz